LDR 01179naa#a2200193#i#450# 001 RU\\bibl\120287 005 20260417010049.5 011 ## _a1819-4036 100 ## _a20210331b2021####ek#y0rusy0150####ca 102 ## _aRU 200 1# _aПРИМЕНЕНИЕ ХВОЙНОГО КЕДРОВОГО ДИСТИЛЛЯТА В РЕЦЕПТУРАХ БЕЗАЛКОГОЛЬНЫХ НАПИТКОВ _eЖурнальная статья 210 1# _aКрасноярск _cКрасноярский государственный аграрный университет _d2021 215 ## _a5 с. 608 ## _aЖурнальная статья _2local 675 ## _aМикробиологические производства. Бродильные производства. Производство напитков (алкогольных, слабоалкогольных и безалкогольных). Производство вкусовых продуктов. 663 _z 700 #1 _aРыгалова _gЕлизавета Александровна 700 #1 _aШароглазова _gЛидия Петровна 700 #1 _aВеличко _gНадежда Александровна 856 4# _avestnik.kgau.ru _u